000 01502 a2200229 4500
001 4402
005 20260407155434.0
008 260407a1990 arg spa d
003 AR-UNSa-BCEJYS
040 _aAR-UNSa-BCEJYS
_bspa
_cAR-UNSa-BCEJYS
080 _a330.101.542
_xMicroeconomía
245 1 0 _aMicroeconomía
020 _a978-968-422-046-1
250 _a3a. ed.
264 1 _aMéxico :
_bMcGraw-Hill
_c1990
300 _a703 p.
_c23 cm.
505 _a1. Introducción - 2. Demanda y oferta - 3. Preferencias, utilidad y elección del consumidor - 4. Demanda del consumidor - 5. Investigación de los conceptos de elasticidad - 6. La economía del tiempo: planeación para el futuro - 7. Riesgo e incertidumbre en el proceso de toma de decisiones - 8. La firma y la producción - 9. Los costos de producción - 10. Formación de precios y fijación de niveles de producción bajo competencia perfecta - 11. Los mercados competitivos y el papel del empresario - 12. Formación de precios y fijación de niveles de producción bajo monopolio - 13. La creación, regulación y destrucción de monopolios - 14. Competencia monopolística y oligopolios - 15. La demanda de insumos - 16. Salarios, rentas y diferencias en el ingreso - 17. Análisis del equilibrio general - 18. Economía del bienestar - 19. Externalidades, bienes Públicos y las falla del mercado
942 _cBK
590 _aniveau_biblio:m niveau_hierar:0
100 1 _aMiller, Roger LeRoy
700 1 _aMeiners, Roger E.
999 _c418
_d418